LEADER 01055nam a2200241 i 4500 001 000000032675 003 CaOOAMICUS 005 20250717100050.0 008 180830s1754 it u000 u ita u 040 $aSeMil$bita 100 1 $aFrançois : de Sales,$c.$0(OLS)http://semarc/name/1031 240 10$aTraité de l?amour de Dieu.$0(OLS)http://semarc/title/71068 245 10$aTrattato dell'amor di Dio composto da S. Francesco di Sales ... Parte 1. [-2.]. 250 $aIn questa novissima edizione ricorretto, e migliorato. 260 $aIn Venezia :$bNella Stamperia Remondini,$c1754. 300 $a2 v. ;$c12°. 500 $aLegati insieme i 2 vol. 700 0 $aRemondini,$c.$0(OLS)http://semarc/name/3017 774 0 $tParte 1.$g1$w()245793 774 0 $tParte 2.$g2$w()245794 996 $6245$aTrattato dell'amor di Dio composto da S. Francesco di Sales ... Parte 1. [-2.]$9(OLS)http://semarc/title/44248 996 $6260$aIn Venezia :$bNella Stamperia Remondini$9(OLS)http://semarc/publisher/31449 LEADER 00671nab a2200145 i 4500 001 000000287267 003 CaOOAMICUS 005 20150428000000.0 008 150428n xx uu u0 0und r 013 $a41014 040 $aSeMil$bita 245 10$aThomas Cranmer ; The Sacrificial Embrace :$bExploring Contemporary English Parish Clergy Lives. - Titoli principali dalla copertina. 500 $aMAY 2015. 773 0 $t[October 2014-September 2015].$dLondon : SAGE Publications, copyr. 2014-2015.$w()234235 996 $6245$aThomas Cranmer ; The Sacrificial Embrace :$bExploring Contemporary English Parish Clergy Lives. - Titoli principali dalla copertina.$9(OLS)http://semarc/title/367613